000 00649cam a22002293a 4500
001 24725
003 PGUSA
005 20140828083531.0
008 080301s2008||||xxu|||||s|||||000 | eng d
040 _aPGUSA
_beng
042 _adc
050 4 _aPZ
100 1 _aSkae, Hilda T.
245 1 0 _aStories from English History
_h[electronic resource] /
_cHilda T. Skae
260 _bProject Gutenberg,
_c2008
506 _aPublic domain in the USA.
516 _aElectronic text
653 _aGreat Britain -- History -- Juvenile literature
830 0 _aProject Gutenberg
_v24725
856 4 0 _uhttp://www.gutenberg.org/ebooks/24725
942 _cEB
999 _c253980
_d253980